000 00588nam a22002055i 4500
001 177574
003 ES-MaACL
005 20230906220351.0
008 110404s1996 sp |||| | spa d
020 _a84-87153-81-X
080 _a821.134.2-34"19"
100 1 _aSantos, Care.
_9145950
245 1 4 _aIntemperie /
_cCare Santos.
260 _aAlcalá de Henares :
_bFundación Colegio del Rey,
_cimp. 1996.
300 _a135 p. ;
_c21 cm.
490 1 _aAlcalá-Narrativa ;
_v18
830 0 _aAlcalá-Narrativa ;
_v18
_9190393
852 _aES-MaACL
_jE-14782
999 _c177574
_d177574